书目信息 |
| 题名: |
不死老兵——麦克阿瑟
|
|
| 作者: | ;鸿儒文轩 编著 | |
| 分册: | ||
| 出版信息: | 北京 中国书籍出版社 2015 |
|
| 页数: | 260页 | |
| 开本: | 24cm | |
| 丛书名: | ||
| 单 册: | ||
| 中图分类: | K837.125.2=533 , K837.125 | |
| 科图分类: | ||
| 主题词: | 军事家--传记--美国--现代 | |
| 电子资源: | ||
| ISBN: | 978-7-5068-4416-1 | |
| 000 | 00883nam0 2200241 450 | |
| 001 | 1640216872 | |
| 005 | 20150610143421.0 | |
| 010 | @a978-7-5068-4416-1@dCNY29.80 | |
| 100 | @a20150712d2015 em y0chiy50 ea | |
| 101 | 0 | @achi |
| 102 | @aCN@b110000 | |
| 105 | @aa z 000yb | |
| 106 | @ar | |
| 200 | 1 | @a不死老兵——麦克阿瑟@9bu si lao bing——mai ke a se@f鸿儒文轩编著 |
| 210 | @a北京@c中国书籍出版社@d2015 | |
| 215 | @a260页@c图,照片@d24cm | |
| 330 | @a本书在大量考证历史资料和细节的基础之上,以全新的视角,将美国军事家麦克阿瑟的人生经历和心路历程置于其所处的特殊家庭和社会环境之中,将其一生的成败得失以“皮里阳秋”之手法呈现在读者面前。 | |
| 600 | 0 | @a麦克阿瑟@c(MacArthur, Douglas@f1880-1964)@x传记 |
| 606 | 0 | @a军事家@x传记@y美国@z现代 |
| 690 | @aK837.125.2=533@v5 | |
| 690 | @aK837.125@v4 | |
| 711 | 02 | @a鸿儒文轩@9hong ru wen xuan@4编著 |
| 905 | @aBZT@dK837.125@e8 | |
| 不死老兵——麦克阿瑟/鸿儒文轩编著.-北京:中国书籍出版社,2015 |
| 260页:图,照片;24cm |
| ISBN 978-7-5068-4416-1:CNY29.80 |
| 本书在大量考证历史资料和细节的基础之上,以全新的视角,将美国军事家麦克阿瑟的人生经历和心路历程置于其所处的特殊家庭和社会环境之中,将其一生的成败得失以“皮里阳秋”之手法呈现在读者面前。 |
| ● |
| 相关链接 |
|
|
|
正题名:不死老兵——麦克阿瑟
索取号:K837.125/8
 
预约/预借
| 序号 | 登录号 | 条形码 | 馆藏地/架位号 | 状态 | 备注 |
| 1 | 806713 | 2000806713 | 第二书库/ [索取号:K837.125/8] | 在馆 | |
| 2 | 806714 | 2000806714 | 思政阅览室/思1架B面2层3列/ [索取号:K837.125/8] | 在馆 | |
| 3 | 806715 | 2000806715 | 第二书库/ [索取号:K837.125/8] | 在馆 |